The Mandalorian Characters by Screen Time - Statistics

General Stats
  • This quiz has been taken 314 times
    310 since last reset
  • The average score is 10 of 23
Answer Stats
Screen Time Character % Correct
4:51:54 The Mandalorian (Din Djarin)
99%
1:23:45 The Child (Grogu)
97%
15:45 Moff Gideon
75%
12:30 Boba Fett
72%
53:00 Cara Dune
68%
16:30 Ahsoka Tano
63%
36:00 Greef Karga
63%
17:45 Fennec Shand
59%
16:30 IG-11
53%
15:00 Bo-Katan Kryze
47%
8:45 The Armorer
42%
16:00 Kuiil
36%
18:00 Cobb Vanth
31%
25:30 Migs Mayfeld
30%
11:75 Peli Motto
29%
7:30 The Client
27%
10:30 Frog Lady
22%
7:00 Koska Reeves
20%
12:30 Toro Calican
15%
8:30 Xi'an
13%
8:00 Burg
10%
13:15 Mythrol
10%
9:15 Omera
9%
No matching quizzes found
Score Distribution
Percent of People with Each Score
Percentile by Number Answered
Your Score History
You have not taken this quiz since the last reset